Wheel of Time Aes Sedai who can Travel - Statistics

General Stats
  • This quiz has been taken 260 times
  • The average score is 52 of 110
Answer Stats
Aes Sedai % Correct
Alviarin Freidhen
94%
Liandrin Guirale
94%
Nynaeve al'Meara
94%
Alanna Mosvani
88%
Elaida a'Roihan
88%
Elayne Trakand
88%
Egwene al'Vere
82%
Lelaine Akashi
82%
Myrelle Berengari
82%
Romanda Cassin
82%
Galina Casban
76%
Sheriam Bayanar
76%
Bera Harkin
71%
Cadsuane Melaidhrin
71%
Kiruna Nachiman
71%
Pevara Tazanovni
71%
Seaine Herimon
71%
Verin Mathwin
71%
Beonin Marinye
65%
Carlinya Sorevin
65%
Katerine Alruddin
65%
Saerin Asnobar
65%
Yukiri Haruna
65%
Anaiya Carel
59%
Delana Mosalaine
59%
Doesine Alwain
59%
Joline Maza
59%
Nisao Dachen
59%
Talene Minly
59%
Teslyn Baradon
59%
Adelorna Bastine
53%
Chesmal Emry
53%
Falion Bhoda
53%
Jesse Bilal
53%
Merana Ambrey
53%
Sarene Nemdahl
53%
Tarna Feir
53%
Temaile Kinderode
53%
Theodrin Dabei
53%
Toveine Gazal
53%
Coiren Saeldain
47%
Corele Hovian
47%
Erian Boroleos
47%
Faeldrin Harella
47%
Faolain Orande
47%
Gabrelle Brawley
47%
Ispan Shefar
47%
Marillin Gemalphin
47%
Masuri Sokawa
47%
Merise Haindehl
47%
Moria Karentanis
47%
Samitsu Tamagowa
47%
Sashalle Anderly
47%
Seonid Traighan
47%
Suana Dragand
47%
Tiana Noselle
47%
Tsutama Rath
47%
Aisling Noon
41%
Asne Zeramene
41%
Berisha Terakuni
41%
Celestin Eguilera
41%
Evanellein Lorn
41%
Ferane Neheran
41%
Janya Frende
41%
Kairen Stang
41%
Maigan
41%
Sedore Dajenna
41%
Shevan Gadarin
41%
Silviana Brehon
41%
Beldeine Nyram
35%
Dagdara Finchey
35%
Elaiva Walfor
35%
Eldrith Jhondar
35%
Faiselle Darone
35%
Haesel Lusara
35%
Jeaine Caide
35%
Juilaine Madome
35%
Magla Daronos
35%
Meidani Eschede
35%
Morvrin Thakanos
35%
Rafela Cindal
35%
Rianna Andomeran
35%
Shemerin
35%
Zerah Dacan
35%
Ayako Norsoni
29%
Berenicia Morsad
29%
Bernaile Gelbarn
29%
Covarla Baldene
29%
Demira Eriff
29%
Desandre Alraed
29%
Ester Stepashin
29%
Kwamesa Taramasu
29%
Lemai Ambani
29%
Mikio Vadere
29%
Nesune Bihara
29%
Nimri
29%
Annharid Matoun
24%
Brendas
24%
Danelle
24%
Felaana Bevaine
24%
Marith Riven
24%
Rubinde Acedone
24%
Valene Sural
24%
Zenare Ghodar
24%
Jennet Cobb
18%
Mayam Colona
18%
Narenwin Barda
18%
Nesita
18%
Serinia
18%
Cathal Devore
12%
No matching quizzes found
Score Distribution
Percent of People with Each Score
Percentile by Number Answered
Your Score History
You have not taken this quiz